[Event "NZL-ch Major op"]
[Site "Auckland"]
[Date "2019.01.17"]
[Round "4"]
[White "Nie, David"]
[Black "Ha, Huy Minh"]
[Result "0-1"]
[WhiteElo "1504"]
[BlackElo "1682"]
[PlyCount "62"]
[EventDate "2019.01.14"]
[EventType "swiss"]
[EventRounds "9"]
[EventCountry "NZL"]
[SourceTitle "CBM 189 Extra"]
[Source "ChessBase"]
[SourceDate "2019.06.03"]
[SourceVersion "1"]
[SourceVersionDate "2019.06.03"]
[SourceQuality "1"]

1. d4 d5 2. c4 c6 3. Nc3 Nf6 4. Bg5 e6 5. e3 Be7 6. Nf3 Nbd7 7. cxd5 exd5 8. Be2 0-0 9. 0-0 Ne8 10. Bxe7 Qxe7 11. Qc2 Nd6 12. Bd3 g6 13. Rfe1 Qf6 14. a3 Nb6 15. h3 Bxh3 16. Be2 Bf5 17. Bd3 Bxd3 18. Qxd3 Qf5 19. Qxf5 Nxf5 20. b3 Rad8 21. a4 a5 22. Nd1 Rfe8 23. Nb2 Nd6 24. Nd2 Rd7 25. Rac1 Rde7 26. Nd3 Nd7 27. Re2 Ne4 28. Nxe4 Rxe4 29. Nc5 Nxc5 30. Rxc5 Rxd4 31. Rxa5 Rd1+ 0-1